[Event "Jubilee Tourney #1000"]
[Site "SchemingMind.com"]
[Date "2006.11.15"]
[Round "-"]
[White "Rotceh"]
[Black "TONYTODD11"]
[Result "1-0"]
[WhiteCountry "MEX"]
[BlackCountry "ENG"]
[WhiteElo "1622"]
[WhiteRD "56"]
[BlackElo "1533"]
[BlackRD "82"]
[GameID "76796"]

1. e4 c6 2. Nc3 d5 3. d4 Nf6 4. e5 Nfd7 5. Bd3 e6 6. Nf3 Bb4 7. O-O Qc7 8. Ne2 c5 9. c3 Ba5 10. dxc5 Nxc5
11. b4 Nxd3 12. Qxd3 Bb6 13. Nfd4 Nc6 14. Qg3 Bd7 15. Qxg7 O-O-O 16. Qxf7 Nxe5 17. Qh5 Rdg8 18. Bf4 Bxd4 19. cxd4 Be8 20. Qxe5 Qg7
21. Qxg7 Rxg7 22. Be5 Rxg2+ 23. Kxg2 Rg8+ 24. Ng3 h5 25. Rac1+ Bc6 26. b5
1-0

[Event "Jubilee Tourney #1000"]
[Site "SchemingMind.com"]
[Date "2006.11.15"]
[Round "-"]
[White "TONYTODD11"]
[Black "Rotceh"]
[Result "1-0"]
[WhiteCountry "ENG"]
[BlackCountry "MEX"]
[WhiteElo "1533"]
[WhiteRD "82"]
[BlackElo "1622"]
[BlackRD "56"]
[GameID "76801"]

1. e4 e5 2. f4 Bc5 3. Nf3 d6 4. Bc4 Nc6 5. d3 Nf6 6. fxe5 Nxe5 7. Nxe5 dxe5 8. Bg5 O-O 9. Nc3 h6 10. Bxf6 Qxf6
11. Rf1 Qh4+ 12. g3 Qxh2 13. Qf3 Qxc2 14. Rb1 Bb4 15. Rd1 Bxc3+ 16. bxc3 Qxc3+ 17. Kf2 Qd4+ 18. Kg2 Kh8 19. Rh1 b5 20. Bxf7 Be6
21. Rxh6+ gxh6 22. Qf6+ Kh7 23. Qg6+
1-0

[Event "Jubilee Tourney #1000"]
[Site "SchemingMind.com"]
[Date "2006.11.16"]
[Round "-"]
[White "spoke"]
[Black "Kenny Elliott"]
[Result "1-0"]
[WhiteCountry "GER"]
[BlackCountry "USA"]
[WhiteElo "1701"]
[WhiteRD "58"]
[BlackElo "1514"]
[BlackRD "69"]
[GameID "76910"]

1. c4 e5 2. Nc3 Nf6 3. g3 Bb4 4. Bg2 c6 5. Qb3 Bxc3 6. Qxc3 d6 7. d4 O-O 8. dxe5 dxe5 9. Bg5 Be6 10. b3 Nbd7
11. Rd1 Qc7 12. Nf3 h6 13. Bxf6 Nxf6 14. Qxe5 Qxe5 15. Nxe5 Rfd8 16. O-O Ne8 17. e4 Rd6 18. Rxd6 Nxd6 19. Rd1 Ne8 20. f4 f6
21. Ng6 Bf7 22. f5 Kh7 23. Nf4 Nc7 24. Rd7 Bxc4 25. bxc4 Rc8 26. Nh5 Ne8 27. e5 Rc7 28. Nxf6+
1-0

[Event "Jubilee Tourney #1000"]
[Site "SchemingMind.com"]
[Date "2006.11.17"]
[Round "-"]
[White "Kenny Elliott"]
[Black "spoke"]
[Result "0-1"]
[WhiteCountry "USA"]
[BlackCountry "GER"]
[WhiteElo "1541"]
[WhiteRD "68"]
[BlackElo "1752"]
[BlackRD "56"]
[GameID "76916"]

1. d4 d5 2. c4 e6 3. Nc3 Nf6 4. Bg5 Nbd7 5. e3 Bb4 6. Bd3 Bxc3+ 7. bxc3 dxc4 8. Bxc4 Nb6 9. Bd3 h6 10. Bh4 Bd7
11. Nf3 Ba4 12. Qb1 Qe7 13. Bxf6 Qxf6 14. O-O O-O 15. c4 Bc6 16. Ne5 Rab8 17. Nxc6 bxc6 18. Qc2 Nd7 19. c5 e5 20. Bf5 Qe7
21. Rfb1 exd4 22. exd4 Rxb1+ 23. Rxb1 Nf6 24. h3 Re8 25. Qb2 Nd5 26. Bc2 Qe2 27. Qb8 g6 28. Qb2 Qd2 29. Qc1 Re2 30. Qxd2 Rxd2
31. Rb8+ Kg7 32. Ba4 Nf4 33. Rb7 Ne2+ 34. Kh2 Nxd4 35. Rxc7 Rxa2 36. Bxc6 Nxc6 37. Rxc6 Rxf2 38. Rc7 Rc2 39. c6 a5 40. Rc8 a4
41. c7 a3 42. Ra8 a2 43. c8=Q Rxc8 44. Rxa2 Rc3 45. g3 h5 46. Rf2 g5 47. Kg2 Kg6 48. Re2 g4 49. h4 f6 50. Kf2 Rf3+
51. Kg2 Kf5 52. Rf2 Rxf2+ 53. Kxf2 Ke4 54. Ke2 f5 55. Kf2 Kd3 56. Kg2 Ke2 57. Kg1 Kf3 58. Kh2 Kf2
0-1

[Event "Jubilee Tourney #1000"]
[Site "SchemingMind.com"]
[Date "2006.11.18"]
[Round "-"]
[White "Manfred Kraut"]
[Black "neoliminal"]
[Result "1-0"]
[WhiteCountry "GER"]
[BlackCountry "CRC"]
[WhiteElo "1270"]
[WhiteRD "70"]
[BlackElo "1186"]
[BlackRD "73"]
[GameID "77417"]

1. e4 d5 2. e5 Bf5 3. d4 e6 4. Nf3 Nc6 5. Nc3 Bb4 6. Bd2 a6 7. a3 Bxc3 8. Bxc3 b5 9. b4 Be4 10. Bd3 Bxf3
11. Qxf3 g6 12. O-O h5 13. Bd2 Nxd4 14. Qg3 Nc6= 15. Bg5 f6 16. Bxg6+ Kd7 17. exf6 Nxf6 18. Bf7 Rf8 19. Bxf6 Qxf6 20. Bxh5 Rg8
21. Bg4 Ne5 22. Qc3 Qg5 23. h3 Nxg4 24. hxg4 Qh4 25. Qh3 Rxg4 26. Qxh4 Rxh4 27. g3 Rh3 28. Kg2 Rh5 29. Rh1 Rf5 30. Rh7+ Kc6
31. Rf1 a5 32. c3 axb4 33. axb4 Ra3 34. Rc1 Kd6 35. g4 Re5 36. f4 Re3 37. Kf2 Raxc3 38. Rxc3 Rxc3 39. g5 d4 40. Ke2 Kd5
41. Rd7+ Ke4 42. g6 d3+ 43. Kd2 Rc2+ 44. Kd1 Ke3 45. g7 Rd2+ 46. Kc1 Ke2 47. g8=Q
1-0

[Event "Jubilee Tourney #1000"]
[Site "SchemingMind.com"]
[Date "2006.11.18"]
[Round "-"]
[White "GrischukFan"]
[Black "Gambit13"]
[Result "1-0"]
[WhiteCountry "GER"]
[BlackCountry "USA"]
[WhiteElo "2149"]
[WhiteRD "99"]
[BlackElo "1856"]
[BlackRD "102"]
[GameID "77418"]

1. d4 Nf6 2. c4 g6 3. Nc3 d5 4. cxd5 Nxd5 5. e4 Nxc3 6. bxc3 Bg7 7. Bc4 O-O 8. Ne2 c5 9. O-O Nc6 10. Be3 cxd4
11. cxd4 Bg4 12. f3 Na5 13. Bxf7+ Rxf7 14. fxg4 Rxf1+ 15. Qxf1 Nc4 16. Qc1 Rc8 17. Qc3 Rc6 18. Qb3 Qb6 19. d5 Qxb3 20. axb3 Bxa1
21. dxc6 bxc6 22. bxc4 a5 23. Bd4 Bxd4+ 24. Nxd4
1-0

[Event "Jubilee Tourney #1000"]
[Site "SchemingMind.com"]
[Date "2006.11.18"]
[Round "-"]
[White "neoliminal"]
[Black "Manfred Kraut"]
[Result "1-0"]
[WhiteCountry "CRC"]
[BlackCountry "GER"]
[WhiteElo "1324"]
[WhiteRD "77"]
[BlackElo "1243"]
[BlackRD "61"]
[GameID "77423"]

1. Nf3 Nc6 2. Ng5 e5 3. c3 Qxg5 4. d4 Qf5 5. d5 Bc5 6. e3 Na5 7. b4 Bxb4 8. cxb4 Nf6 9. bxa5 a6 10. Bd3 Qg5
11. O-O d6 12. Qf3 O-O 13. e4 Qg6 14. Nc3 b6 15. Rb1 Bg4 16. Qg3 h5 17. h3 Bxh3 18. Qxh3 Ng4 19. f3 Nf6 20. Kf2 bxa5
21. Rb7 Rfc8 22. Qf5 Qxf5 23. exf5 g6 24. fxg6 fxg6 25. Bxg6 Kg7 26. Bf5 Rcb8 27. Rxc7+ Kf8 28. Bh6+ Kg8 29. Be6+ Kh8 30. Bg7+ Kh7
31. Bxf6+ Kg6 32. Ne4 Rb2+ 33. Kg3 Rab8 34. Rg7+ Kh6 35. Ng5 Rf8 36. Rh7+ Kg6 37. Be7 Re8 38. Bf7+ Kf5 39. Bxe8 h4+ 40. Rxh4
1-0

[Event "Jubilee Tourney #1000"]
[Site "SchemingMind.com"]
[Date "2006.11.18"]
[Round "-"]
[White "Gambit13"]
[Black "GrischukFan"]
[Result "1/2-1/2"]
[WhiteCountry "USA"]
[BlackCountry "GER"]
[WhiteElo "1856"]
[WhiteRD "102"]
[BlackElo "2149"]
[BlackRD "99"]
[GameID "77424"]

1. e4 c5 2. Nf3 d6 3. d4 cxd4 4. Nxd4 Nf6 5. Nc3 a6 6. Bg5 e6 7. f4 Qb6 8. Qd2 Qxb2 9. Nb3 Qa3 10. Bxf6 gxf6
11. Be2 Nc6 12. O-O Bd7 13. Kh1 h5 14. Nd1 Rc8 15. Ne3 Qb4 16. c3 Qxe4 17. Bd3 Qa4 18. Nc4 Rd8 19. Nb6 Qa3 20. Nc4 Qa4=
21. Nb6 Qa3 22. Nc4=
1/2-1/2

[Event "Jubilee Tourney #1000"]
[Site "SchemingMind.com"]
[Date "2006.11.19"]
[Round "-"]
[White "rodrigos"]
[Black "BlueMooner"]
[Result "0-1"]
[WhiteCountry "ENG"]
[BlackCountry "ENG"]
[WhiteElo "1641"]
[WhiteRD "107"]
[BlackElo "1965"]
[BlackRD "94"]
[GameID "77541"]

1. e4 c5 2. Nf3 d6 3. d4 cxd4 4. Nxd4 Nf6 5. Nc3 e6 6. Be3 a6 7. a3 Qc7 8. g3 Nbd7 9. Bg2 Be7 10. O-O O-O
11. Qd2 Nb6 12. b3 Bd7 13. Nd1 d5 14. exd5 Nbxd5 15. c4 Nxe3 16. Qxe3 Rac8 17. Qe2 Qb6 18. Qd3 Bc5 19. Nc2 Rfd8 20. Qc3 Bc6
21. Nde3 Ne4 22. Qb2 Rd2 23. Qb1 Ng5 24. b4 Bxg2 25. Nxg2 Nh3+ 26. Kh1 Nxf2+ 27. Kg1 Nh3+ 28. Kh1 Qc6 29. Ne1 Bf2 30. Rxf2 Rxf2
31. Qd3 Qe4
0-1

[Event "Jubilee Tourney #1000"]
[Site "SchemingMind.com"]
[Date "2006.11.20"]
[Round "-"]
[White "BlueMooner"]
[Black "rodrigos"]
[Result "1-0"]
[WhiteCountry "ENG"]
[BlackCountry "ENG"]
[WhiteElo "1965"]
[WhiteRD "94"]
[BlackElo "1641"]
[BlackRD "107"]
[GameID "77546"]

1. d4 d5 2. c4 dxc4 3. Nf3 e6 4. e3 b5 5. a4 c6 6. axb5 cxb5 7. b3 Bb4+ 8. Bd2 Bxd2+ 9. Nbxd2 c3 10. Bxb5+ Bd7
11. Bxd7+ Nxd7 12. Nc4 Qc7 13. O-O Ne7 14. Qd3 Nd5 15. e4 Nf4 16. Qc2 O-O 17. g3 Ng6 18. Qxc3 Nb6 19. Rfc1 Rfc8 20. Qa5 Nxc4
21. Qxc7 Rxc7 22. bxc4 Ne7 23. d5 exd5 24. exd5 Rc5 25. Nd4 g6 26. Nb5 f5 27. Rxa7
1-0

[Event "Jubilee Tourney #1000"]
[Site "SchemingMind.com"]
[Date "2006.11.20"]
[Round "-"]
[White "langhab"]
[Black "Vaidotas"]
[Result "1/2-1/2"]
[WhiteCountry "PHI"]
[BlackCountry "LTU"]
[WhiteElo "1695"]
[WhiteRD "85"]
[BlackElo "1705"]
[BlackRD "110"]
[GameID "77667"]

1. e4 e5 2. Nf3 Nc6 3. Bc4 Nf6 4. Ng5 d5 5. exd5 Na5 6. Bb5+ c6 7. dxc6 bxc6 8. Be2 h6 9. Nf3 e4 10. Ne5 Qd4
11. Ng4 Bxg4 12. Bxg4 Nxg4 13. Qxg4 Qe5 14. Nc3 f5 15. Qg6+ Kd8 16. O-O Bd6 17. g3 Re8 18. d4 exd3 19. Bf4 Qe6 20. Qxe6 Rxe6
21. Bxd6 Rxd6 22. Rad1 Nc4 23. Rxd3 Rxd3 24. cxd3 Ne5 25. f4 Ng4 26. Re1 Rb8 27. b3 Kd7 28. Kg2 Kd6 29. h3 Nf6 30. Re5 g6
31. Kf3 Re8 32. Rxe8 Nxe8 33. g4 Kc5 34. Ke3 Kb4 35. Kd2 Nc7 36. gxf5 gxf5 37. Kc2 Ne6 38. Ne2 Ka3 39. Kc3 Kxa2 40. Nd4 Nxf4
41. Nxf5 Nxh3 42. Nxh6 Nf4 43. Nf5 Nxd3 44. Kxd3 Kxb3 45. Nd4+ Kb4 46. Nxc6+ Kc5 47. Nxa7
1/2-1/2

[Event "Jubilee Tourney #1000"]
[Site "SchemingMind.com"]
[Date "2006.11.20"]
[Round "-"]
[White "fishofchaos"]
[Black "loco61"]
[Result "1-0"]
[WhiteCountry "ENG"]
[BlackCountry "ENG"]
[WhiteElo "1575"]
[WhiteRD "58"]
[BlackElo "1570"]
[BlackRD "60"]
[GameID "77668"]

1. d4 d5 2. c4 dxc4 3. Nf3 e6 4. e4 b5 5. a4 c6 6. Nc3 Bb4 7. Bd2 Qe7 8. axb5 Bxc3 9. bxc3 cxb5 10. e5 Bb7
11. Be2 a5 12. Qb1 Bc6 13. O-O a4 14. Bc1 Qb7 15. Ba3 Ne7 16. Rd1 O-O 17. Ng5 Nf5 18. Bxf8 Bxg2 19. Ba3 h6 20. Nxe6 fxe6
21. Bxc4 Bh1 22. Bxe6+ Kh8 23. d5 Bxd5 24. Bxd5
1-0

[Event "Jubilee Tourney #1000"]
[Site "SchemingMind.com"]
[Date "2006.11.20"]
[Round "-"]
[White "Vaidotas"]
[Black "langhab"]
[Result "0-1"]
[WhiteCountry "LTU"]
[BlackCountry "PHI"]
[WhiteElo "1705"]
[WhiteRD "110"]
[BlackElo "1695"]
[BlackRD "85"]
[GameID "77672"]

1. e4 c5 2. Nc3 e6 3. Nf3 d6 4. Bb5+ Nd7 5. d3 a6 6. Bxd7+ Qxd7 7. O-O Be7 8. Re1 b5 9. Bf4 Bb7 10. Qd2 Nf6
11. e5 Bxf3 12. gxf3 b4 13. Ne4 Nxe4 14. fxe4 d5 15. exd5 Qxd5 16. Re4 f5 17. exf6 Bxf6 18. Rae1 O-O 19. Rxe6 Bxb2 20. Qe3 Bd4
21. Qg3 Ra7 22. Bd6 Bxf2+ 23. Qxf2 Rxf2 24. Kxf2 Rf7+ 25. Kg1 h6 26. Bg3 Qxa2 27. Re8+ Kh7 28. R1e2 a5 29. Kg2 a4 30. Rc8 Qd5+
31. Kg1 Qf5 32. Rf2 Qxc8 33. Rxf7 Qe6 34. Rc7 b3 35. cxb3 axb3 36. Rxc5 Qe3+ 37. Bf2 Qxc5
0-1

[Event "Jubilee Tourney #1000"]
[Site "SchemingMind.com"]
[Date "2006.11.20"]
[Round "-"]
[White "loco61"]
[Black "fishofchaos"]
[Result "1/2-1/2"]
[WhiteCountry "ENG"]
[BlackCountry "ENG"]
[WhiteElo "1570"]
[WhiteRD "60"]
[BlackElo "1575"]
[BlackRD "58"]
[GameID "77673"]

1. e4 c5 2. Nf3 d6 3. Bc4 e6 4. O-O Nc6 5. c3 Nf6 6. d3 h6 7. Be3 Be7 8. Nbd2 a6 9. d4 b5 10. Bb3 Bb7
11. Rc1 cxd4 12. cxd4 O-O 13. Rc3 Na5 14. Bc2 b4 15. Rd3 Nxe4 16. Nxe4 Bxe4 17. Rd2 Bd5 18. b3 f5 19. Re1 f4 20. Rd3 fxe3
21. Rdxe3 Nc6 22. Be4 Bg5 23. Bxd5 exd5 24. Nxg5 Qxg5 25. Re6 Rad8 26. Qd3 Qf4 27. f3 Nxd4 28. Qxa6 Nxe6 29. Rxe6 Rfe8 30. Qe2 Rxe6
31. Qxe6+ Qf7 32. Qg4 Qf6 33. Qxb4 Qa1+ 34. Kf2 Qxa2+ 35. Kg3 Re8 36. Qb5 Re2 37. Qxd5+ Kh8 38. Qxd6 Rxg2+ 39. Kh3 Rxh2+ 40. Qxh2 Qxb3
41. Qf4 Qe6+ 42. Kg3 g5 43. Qb8+ Qg8 44. Qe5+ Qg7=
1/2-1/2

[Event "Jubilee Tourney #1000"]
[Site "SchemingMind.com"]
[Date "2006.11.22"]
[Round "-"]
[White "Masticore99"]
[Black "nwhitelaw"]
[Result "1-0"]
[WhiteCountry "USA"]
[BlackCountry "GBR"]
[WhiteElo "1596"]
[WhiteRD "73"]
[BlackElo "1309"]
[BlackRD "65"]
[GameID "77860"]

1. e4 d5 2. exd5 Qxd5 3. Nc3 Qe5+ 4. Qe2 Qf5 5. d3 Nc6 6. Nf3 e5 7. Be3 Nf6 8. d4 Nb4 9. O-O-O Bd6 10. a3 Na6
11. dxe5 Bxe5 12. Qb5+ Bd7 13. Qxe5+ Qxe5 14. Nxe5 O-O 15. Nxd7 Nxd7 16. Rxd7 Rae8 17. Bxa6 bxa6 18. Bc5 Re6 19. Bxf8 Kxf8 20. Rxc7
1-0

[Event "Jubilee Tourney #1000"]
[Site "SchemingMind.com"]
[Date "2006.11.21"]
[Round "-"]
[White "dogod"]
[Black "ekulrac"]
[Result "0-1"]
[WhiteCountry "USA"]
[BlackCountry "SCO"]
[WhiteElo "1089"]
[WhiteRD "89"]
[BlackElo "1702"]
[BlackRD "59"]
[GameID "77861"]

1. d4 Nf6 2. Bg5 d5 3. Bxf6 exf6 4. Nc3 c6 5. Nf3 Bd6 6. Qd3 O-O 7. O-O-O b5 8. Kb1 Qa5 9. e3 b4 10. Ne2 Qb6
11. c4 dxc4 12. Qxc4 Qa5 13. a3 Be6 14. axb4 Bxb4 15. e4 Bxc4 16. Ng3 Qa2+ 17. Kc2 Bb3+ 18. Kd3 Bxd1 19. Ke3 Qxb2 20. e5 Qc1+
21. Ke4 Bc2+
0-1

[Event "Jubilee Tourney #1000"]
[Site "SchemingMind.com"]
[Date "2006.11.21"]
[Round "-"]
[White "Orange Lion"]
[Black "Mekk"]
[Result "1-0"]
[WhiteCountry "NED"]
[BlackCountry "POL"]
[WhiteElo "2231"]
[WhiteRD "74"]
[BlackElo "1754"]
[BlackRD "65"]
[GameID "77862"]

1. e4 c5 2. f4 d6 3. Nc3 Nc6 4. Bb5 Bd7 5. Nf3 g6 6. d4 cxd4 7. Nxd4 Bg7 8. Be3 Nf6 9. Qd3 O-O 10. O-O-O Ng4
11. Bg1 Nxd4 12. Bxd7 Nb3+ 13. axb3 Qxd7 14. h3 Nf6 15. e5 Ne8 16. Bf2 Qc6 17. Bh4 dxe5 18. Bxe7 exf4 19. Qd5 Qb6 20. Bxf8 Bxf8
21. Qf3 Qe3+ 22. Qxe3 fxe3 23. Nd5 Bh6 24. Rd3 Ng7 25. Nf6+ Kf8 26. Kb1 Nf5 27. g4 Nh4 28. g5 Kg7 29. Ne4
1-0

[Event "Jubilee Tourney #1000"]
[Site "SchemingMind.com"]
[Date "2006.11.21"]
[Round "-"]
[White "nwhitelaw"]
[Black "Masticore99"]
[Result "0-1"]
[WhiteCountry "GBR"]
[BlackCountry "USA"]
[WhiteElo "1309"]
[WhiteRD "65"]
[BlackElo "1596"]
[BlackRD "73"]
[GameID "77868"]

1. d4 d5 2. Nc3 e6 3. Nf3 c5 4. Ng5 cxd4 5. Qxd4 Nc6 6. Qa4 Bd7 7. e4 d4 8. Nb5 Bb4+ 9. c3 dxc3 10. Nd6+ Bxd6
11. bxc3 h6 12. Nh3 Be5 13. Bb2 Nf6 14. Qb5 Qc7 15. Bc4 O-O 16. O-O Bxh2+ 17. Kh1 Ne5 18. Kxh2 Nxc4+ 19. g3 Bxb5 20. a4 Bxa4
21. Rxa4 Nxb2 22. Ra3 Nxe4 23. Kg1 Nxc3 24. Rc1 Ne2+
0-1

[Event "Jubilee Tourney #1000"]
[Site "SchemingMind.com"]
[Date "2006.11.21"]
[Round "-"]
[White "ekulrac"]
[Black "dogod"]
[Result "1-0"]
[WhiteCountry "SCO"]
[BlackCountry "USA"]
[WhiteElo "1702"]
[WhiteRD "59"]
[BlackElo "1089"]
[BlackRD "89"]
[GameID "77869"]

1. e4 e5 2. Nf3 Nf6 3. Nxe5 Nxe4 4. Nf3 Qe7 5. Be2 Ng5 6. O-O Nxf3+ 7. Bxf3 Nc6 8. Re1 Ne5 9. Kh1 f6 10. d4 Qb4
11. dxe5 fxe5 12. Rxe5+ Be7 13. Qe2 d6 14. Rxe7+ Kf8 15. Re8+ Kf7 16. Bh5+ Kf6 17. Qe7+ Kf5 18. Qf7#
1-0

[Event "Jubilee Tourney #1000"]
[Site "SchemingMind.com"]
[Date "2006.11.21"]
[Round "-"]
[White "Mekk"]
[Black "Orange Lion"]
[Result "1/2-1/2"]
[WhiteCountry "POL"]
[BlackCountry "NED"]
[WhiteElo "1771"]
[WhiteRD "62"]
[BlackElo "2243"]
[BlackRD "71"]
[GameID "77870"]

1. e4 e6 2. d4 d5 3. Nc3 Bb4 4. e5 c5 5. a3 Bxc3+ 6. bxc3 Ne7 7. Nf3 Qa5 8. Bd2 Nbc6 9. Be2 O-O 10. c4 Qc7
11. cxd5 exd5 12. c3 Bg4 13. Be3 Nf5 14. O-O Rae8 15. h3 Nxe3 16. fxe3 Bh5 17. Nh4 Bxe2 18. Qxe2 Ne7 19. Qg4 Qa5 20. Rf3 Qxc3
21. Raf1 g6 22. Qd7 cxd4 23. Rxf7 Qxe3+ 24. Kh1 Qxe5 25. Nf3 Qe3 26. Rxf8+ Rxf8 27. Re1 Rxf3 28. Rxe3 Rxe3 29. Kg1 d3 30. Kf2 d2
31. Kxe3 d1=Q 32. Qe8+ Kg7 33. Qxe7+ Kh6 34. Qxb7 Qe1+ 35. Kf3 Qe4+ 36. Kf2 Qc2+ 37. Kf3 Qd3+ 38. Kf2 Qd2+ 39. Kf3 a5 40. Qe7 Qd3+
41. Kf2 Qf5+ 42. Ke2 Qf4 43. Kd3 Qc4+ 44. Kd2 Qd4+ 45. Ke2 Qb2+ 46. Kd3 Qb3+ 47. Ke2 Qg3 48. Kf1 a4 49. Qb4 d4 50. Qxa4 Qf4+
51. Ke1 Qe3+ 52. Kf1 d3 53. Qd1 Qf4+= 54. Ke1 Qg3+ 55. Kf1=
1/2-1/2

[Event "Jubilee Tourney #1000"]
[Site "SchemingMind.com"]
[Date "2006.11.22"]
[Round "-"]
[White "Ursus"]
[Black "dzole"]
[Result "1-0"]
[WhiteCountry "INT"]
[BlackCountry "SLO"]
[WhiteElo "1709"]
[WhiteRD "62"]
[BlackElo "1493"]
[BlackRD "131"]
[GameID "78056"]

1. e4 e5 2. Bc4 Qf6 3. Nc3 d6 4. Nd5 Qd8 5. Qf3 f6 6. c3 Be6 7. d4 Nc6 8. Ne2 Nh6 9. h3 Be7 10. Bxh6 Na5
11. Nxc7+ Qxc7 12. Bxe6 gxh6 13. Qh5+ Kd8 14. Qxh6 Bf8 15. Qxf6+ Qe7 16. Qxh8 Kc7 17. d5 b5 18. g4 Rb8 19. b3 b4 20. c4 Qg7
21. Qxg7+ Bxg7 22. Rc1 Bh6 23. Rc2 Re8 24. h4 Nb7 25. g5 Bg7 26. h5 Nd8 27. Bf5 h6 28. g6 a5 29. c5 Nb7 30. cxd6+ Kxd6
31. Rc6+ Ke7 32. Rc7+ Kf8 33. Rf7+ Kg8 34. Rxb7 Rd8 35. Be6+ Kh8 36. Rh3 Rf8 37. Rf7 Ra8 38. Rhf3 a4 39. Rxg7 Kxg7 40. Rf7+ Kg8
41. Ra7+
1-0

[Event "Jubilee Tourney #1000"]
[Site "SchemingMind.com"]
[Date "2006.11.22"]
[Round "-"]
[White "lacus66"]
[Black "reptile"]
[Result "0-1"]
[WhiteCountry "HUN"]
[BlackCountry "ISR"]
[WhiteElo "1667"]
[WhiteRD "73"]
[BlackElo "1932"]
[BlackRD "80"]
[GameID "78057"]

1. d4 d5 2. e4 e6 3. Nc3 dxe4 4. f3 Nf6 5. fxe4 Bb4 6. Qd3 b6 7. Nf3 Bb7 8. Bd2 Bxc3 9. Bxc3 Bxe4 10. Qe2 Qd5
11. O-O-O Qxa2 12. Qc4 Qxc4 13. Bxc4 O-O 14. Bd3 Nbd7 15. Rhe1 Bxd3 16. Rxd3 Nd5 17. Ne5 N7f6 18. Bd2 h6 19. h3 Rfd8 20. Nc6 Rd6
21. Ne5 a5 22. Nc4 Rdd8 23. Ne5 Ne7 24. Bf4 Nfd5 25. Bd2 b5 26. Kb1 b4 27. b3 a4 28. Kb2 a3+ 29. Ka2 Ra6 30. c4 bxc3
31. Bxc3 f6 32. Nc4 Nxc3+ 33. Rxc3 Nd5 34. Rf3 Nb4+ 35. Ka1 Nc2+
0-1

[Event "Jubilee Tourney #1000"]
[Site "SchemingMind.com"]
[Date "2006.11.22"]
[Round "-"]
[White "tacticrules"]
[Black "cnbcad"]
[Result "1-0"]
[WhiteCountry "GER"]
[BlackCountry "USA"]
[WhiteElo "1610"]
[WhiteRD "53"]
[BlackElo "1519"]
[BlackRD "56"]
[GameID "78058"]

1. d4 d5 2. c4 e6 3. Nf3 Bb4+ 4. Bd2 Bxd2+ 5. Qxd2 dxc4 6. g3 Nc6 7. Bg2 Nf6 8. O-O Ne4 9. Qc2 f5 10. Qxc4 g5
11. Rd1 f4 12. d5 Nd6 13. Qc2 exd5 14. Rxd5 Rg8 15. Qxh7 Ne7 16. Re5 Rf8 17. Nxg5 fxg3 18. Qg6+ Nf7 19. Nxf7 Qd1+ 20. Bf1 gxf2+
21. Kg2 Bh3+ 22. Kxh3 Qxf1+ 23. Kh4 Qg1 24. Nd6+ Kd8 25. Nxb7+ Kd7 26. Qd3+ Kc8 27. Nd6+ cxd6 28. Qa6+ Kb8 29. Rb5+
1-0

[Event "Jubilee Tourney #1000"]
[Site "SchemingMind.com"]
[Date "2006.11.27"]
[Round "-"]
[White "Michael788"]
[Black "colonia"]
[Result "1-0"]
[WhiteCountry "SWE"]
[BlackCountry "GER"]
[WhiteElo "2071"]
[WhiteRD "108"]
[BlackElo "1951"]
[BlackRD "74"]
[GameID "78059"]

1. d4 f5 2. c4 Nf6 3. Nc3 e6 4. Bf4 Bb4 5. e3 Bxc3+ 6. bxc3 O-O 7. Bd3 d6 8. Nf3 b6 9. O-O Bb7 10. Bg3 Nbd7
11. Nd2 Qe8 12. f3 Qg6 13. Rb1 Nh5 14. Bh4 Qh6 15. Bf2 Nhf6 16. Qa4 Rf7 17. Rb2 Qg5 18. Rfb1 Qg6 19. Qc2 Raf8 20. a4 a5
21. d5 Nh5 22. dxe6 Qxe6 23. Nb3 Ne5 24. Nd4 Qg6 25. Kh1 Nxd3 26. Qxd3 Bc8 27. Nb5
1-0

[Event "Jubilee Tourney #1000"]
[Site "SchemingMind.com"]
[Date "2006.11.22"]
[Round "-"]
[White "dzole"]
[Black "Ursus"]
[Result "0-1"]
[WhiteCountry "SLO"]
[BlackCountry "INT"]
[WhiteElo "1493"]
[WhiteRD "131"]
[BlackElo "1709"]
[BlackRD "62"]
[GameID "78069"]

1. e4 d5 2. e5 Nc6 3. d4 Bf5 4. Nf3 e6 5. Bd3 Bxd3 6. Qxd3 Nb4 7. Qe2 c5 8. Bd2 Nxc2+ 9. Kd1 Nxa1 10. Qb5+ Qd7
11. Na3 Qxb5 12. Nxb5 Kd7 13. Ke2 Nc2 14. a3 a6 15. Nc3 Nxd4+ 16. Nxd4 cxd4 17. Na4 Rb8 18. Rc1 b6 19. g4 Ne7 20. f4 f5
21. g5 h6 22. h4 hxg5 23. hxg5 Rh2+ 24. Kd3 Nc6 25. b4 b5 26. Nb2 Be7 27. Nd1 Rbh8 28. Be1 R8h3+ 29. Ne3 Rxe3#
0-1

[Event "Jubilee Tourney #1000"]
[Site "SchemingMind.com"]
[Date "2006.11.23"]
[Round "-"]
[White "reptile"]
[Black "lacus66"]
[Result "1-0"]
[WhiteCountry "ISR"]
[BlackCountry "HUN"]
[WhiteElo "1947"]
[WhiteRD "76"]
[BlackElo "1633"]
[BlackRD "72"]
[GameID "78070"]

1. d4 e6 2. c4 Nf6 3. Nc3 Bb4 4. e3 O-O 5. Bd3 d5 6. Nf3 Nc6 7. O-O dxc4 8. Bxc4 Bd6 9. Re1 Ng4 10. Ne4 a6
11. a3 b5 12. Bd3 f5 13. Nc5 Bxc5 14. dxc5 Bb7 15. Qe2 Ne7 16. e4 Ng6 17. Bc2 Nh4 18. Nxh4 Qxh4 19. h3 Nf6 20. exf5 exf5
21. Bxf5 Rae8 22. Qf1 Rxe1 23. Qxe1 Ne4 24. Bxe4 Bxe4 25. Be3 Qf6 26. b4 c6 27. Rd1 Bc2 28. Rd6 Qe7 29. Rxc6 Qb7 30. Rb6 Qc8
31. Qd2 Be4 32. Qa2+ Kh8 33. Qe6 Bf5 34. Qxc8 Rxc8 35. Rxa6 h6 36. Ra7 Kg8 37. Bd4 g5 38. a4 bxa4 39. Rxa4 Bd7 40. Ra7 Bc6
41. Rg7+ Kf8 42. Rg6 Bb5 43. Rxh6
1-0

[Event "Jubilee Tourney #1000"]
[Site "SchemingMind.com"]
[Date "2006.11.22"]
[Round "-"]
[White "cnbcad"]
[Black "tacticrules"]
[Result "1-0"]
[WhiteCountry "USA"]
[BlackCountry "GER"]
[WhiteElo "1493"]
[WhiteRD "55"]
[BlackElo "1573"]
[BlackRD "53"]
[GameID "78071"]

1. e4 d5 2. exd5 Nf6 3. d4 Bg4 4. Qd3 Qxd5 5. Nc3 Qd6 6. h3 Bh5 7. Qb5+ Qc6 8. Qb3 e6 9. Bb5 Qxb5 10. Qxb5+ Nbd7
11. Qxb7 Rd8 12. Qxc7 Be7 13. Nge2 O-O 14. Bg5 Rfe8 15. O-O Rc8 16. Qxa7 Bxe2 17. Nxe2 Rxc2 18. Nc3 Rxb2 19. Bxf6 Nxf6 20. a4 Bf8
21. Rfe1 Rc2 22. Nb5 Rcc8 23. Qb6 Nd5 24. Qa5 Bb4 25. Qa6 Ra8 26. Qb7 Reb8 27. Qc6 Bxe1 28. Rxe1 Rc8 29. Qd6 Rd8 30. Qe5 Rxa4
31. Re4 Nf6 32. Rh4 Rd5 33. Qb8+
1-0

[Event "Jubilee Tourney #1000"]
[Site "SchemingMind.com"]
[Date "2006.11.27"]
[Round "-"]
[White "colonia"]
[Black "Michael788"]
[Result "0-1"]
[WhiteCountry "GER"]
[BlackCountry "SWE"]
[WhiteElo "1951"]
[WhiteRD "74"]
[BlackElo "2071"]
[BlackRD "108"]
[GameID "78072"]

1. e4 c5 2. Nc3 e6 3. g3 d5 4. Bg2 d4 5. Nb1 Nc6 6. d3 Nf6 7. f4 Be7 8. Nf3 b5 9. a4 b4 10. Nbd2 O-O
11. O-O Ba6 12. Nc4 Qc7 13. Qe2 h6 14. Nfd2 Rab8 15. a5 e5 16. Nxe5 Nxe5 17. fxe5 Qxe5 18. Nf3 Qe6 19. Nh4 Bd6 20. Nf5 Be5
21. b3 Rbe8 22. Bf4 Kh8 23. Qf3 Nd7
0-1

[Event "Jubilee Tourney #1000"]
[Site "SchemingMind.com"]
[Date "2006.11.23"]
[Round "-"]
[White "Ashmaster"]
[Black "Joe Hayden"]
[Result "0-1"]
[WhiteCountry "IRL"]
[BlackCountry "IRL"]
[WhiteElo "1426"]
[WhiteRD "71"]
[BlackElo "1798"]
[BlackRD "78"]
[GameID "78263"]

1. e4 c5 2. Nf3 e6 3. d4 cxd4 4. Nxd4 Nf6 5. Nc3 d6 6. Be2 a6 7. O-O Be7 8. Bg5 Nbd7 9. Re1 O-O 10. f4 Qb6
11. Rb1 e5 12. fxe5 dxe5 13. Kh1 Qxd4 14. Qxd4 exd4 15. Bxf6 Nxf6 16. Nd5 Nxd5 17. exd5 Bh4 18. g3 Bf6 19. Bd3 b6 20. Be4 Bb7
21. Rbc1 Rfe8 22. c3 Rxe4 23. Rxe4 Bxd5
0-1